000 00530nam a2200181Ia 4500
008 090711s9999 xx 000 0 und d
082 _b65
100 _aमेहता अभय
245 _aवज्राघात
260 _bऑक्टोपस बुक्स
_c2001
300 _a149
600 _aमेहता अभय
630 _aवज्राघात
700 _aदामले मंजिरी
700 _aमेहता अभय
730 _aवज्राघात
942 _cBOOK
999 _c339249
_d339246